Well-posed optimization problems

Αποθηκεύτηκε σε:
Λεπτομέρειες βιβλιογραφικής εγγραφής
Κύριος συγγραφέας: Dontchev, A. L. 1948-
Άλλοι συγγραφείς: Zolezzi, T. (Tullio) 1942-
Μορφή: Βιβλίο
Γλώσσα:English
Δημοσίευση: Berlin : New York : Springer-Verlag, c1993
Σειρά:Lecture notes in mathematics (Springer-Verlag) ; 1543
Θέματα:
Ετικέτες: Προσθήκη ετικέτας
Δεν υπάρχουν, Καταχωρήστε ετικέτα πρώτοι!

MARC

LEADER 00000cam a2200000 i 4500
001 1/30298
008 941103s1993 eng d
020 |a 3540567372  |c DM94.00 
020 |a 0387567372 
035 |a 1994  |l 10038533 
035 |a 1995 
040 |a GR-MY-UA  |b gre  |e aacr 
041 0 |a eng 
082 0 |a 519.3  |2 (20) 
100 1 |a Dontchev, A. L.  |d 1948- 
245 1 0 |a Well-posed optimization problems /  |c Asen Dontchev, Tullio Zolezzi 
260 |a Berlin :   |a New York :   |b Springer-Verlag,   |c c1993 
300 |a xii, 421 p.;  |c 24 cm 
490 1 |a Lecture notes in mathematics (Springer-Verlag)  |v ; 1543 
504 |a Includes bibliographical references and index 
650 0 0 |a Mathematical optimization. 
650 0 0 |a Differential equations, Partial  |x Improperly posed problems. 
700 1 |a Zolezzi, T.  |q (Tullio)  |d 1942- 
830 0 |a Lecture notes in mathematics (Springer-Verlag)  |v ; 1543 
852 |a INST  |b SAMOS  |e 19960705  |h 519.3 DON  |p 005300005347  |q 005300005347  |t BK  |y 0 
852 |a INST  |b SAMOS  |e 19941103  |h 519.3 DON  |p 005300007039  |q 005300007039  |t BK  |y 0 
909 |a Σ  |b 033622 
909 |a Σ  |b 039251